000 00279nam a22001097a 4500
008 150604t xxu||||| |||| 00| 0 eng d
020 _a978-969-8535-21-6
100 _aDr Tughral Yamin
_9992
245 _aCyberspace CBMs between pakistan and india
300 _a275
942 _2ddc
_cBK
999 _c17263
_d17263